| 000 | 01008nam a22002177a 4500 | ||
|---|---|---|---|
| 999 |
_c2767 _d2767 |
||
| 003 | AR-CdUCM | ||
| 008 | 190305b ||||| |||| 00| 0 spa d | ||
| 040 |
_aMUNICIPALIDAD PROVINCIAL DEL CUSCO _cBIBLIOTECA MUNICIPAL DEL CUSCO |
||
| 082 |
_a301.35 / _bQ62 |
||
| 100 |
_aQuintanilla, Lino _99646 |
||
| 245 |
_aAndahuaylas: la lucha por la tierra : _btestimonio de un militante / |
||
| 260 |
_aLima : _bMosca Azul Editores, _c1981. |
||
| 300 |
_a155 paginas ; _c21 cm. |
||
| 505 | _aBibliográfica fundamental -- Contexto productivo y social de Andahuaylas testimonios de comuneros -- Regreso a Andahuaylas, asociaciones campestres, constitución de la federación de campesinos de Andahuaylas -- Luchas campesinas anteriores, testimonios de los comuneros -- Las tomas de haciendas ... | ||
| 650 |
_aMovimientos campesinos _97308 |
||
| 650 |
_aTenencia de la tierra (Campesinos) _99647 |
||
| 650 |
_aCondiciones sociales _91132 |
||
| 650 |
_aAspectos políticos _98399 |
||
| 942 |
_2ddc _cLIBROS |
||
| 945 | _aacv | ||